000 00250nam a2200085Ia 4500
245 0 _aSummer jobs worldwide 2009
100 _a Griffith, Susan Richmond, Surrey, 2009 40th ed
_9100153
942 _cBK
008 210818s9999 xx 000 0 und d
999 _c428572
_d428571